| 000 | 00436nam a22001697a 4500 | ||
|---|---|---|---|
| 005 | 20181016115332.0 | ||
| 008 | 160523b xxu||||| |||| 00| 0 eng d | ||
| 020 | _a0-07-058971-2 | ||
| 041 | _aeng | ||
| 082 |
_b4461 _a658.403 |
||
| 100 |
_aO' Brien James A _94885 |
||
| 245 | _aIntroduction Information Systems | ||
| 260 |
_aNew Delhi _bAcademic Faundation |
||
| 300 | _a450p, | ||
| 650 |
_aInformation Technology _9137 |
||
| 942 | _cBK | ||
| 999 |
_c1492 _d1492 |
||